01354nam a2200325 i 450000500170000000700030001700800410002002000180006104000350007904100080011408400120012210000350013424501160016925000220028526400410030730000570034833600270040533700330043233800280046549000380049352100530053154500790058460000920066365000460075565000500080165000400085165000640089170000360095570000370099120220317002053.0ta201204s2015 ck jr6 000 f spa d a9789585917200 aCO-BoRNBPbspaerdacCO-BoRNBP0 aspa aNG PAN31 aPantoja, Óscard1971-eautor10aTanta sangre vistacadaptado a cómic por Óscar Pantoja ; autor Rafael Baena ; ilustrador Juan Pablo Gaviria aPrimera edición 1aBogotábRey Naranjo Editoresc2015 a62, 70 en paginación variadabilustracionesc24 cm atextobtxt2rdacontent asin mediaciónbn2rdamedia avolumenbnc2rdacarrier0 aColección PNK libros singulares aRecomendado para un público mayor de 15 años aIncluye datos biográficos del autor, adaptador e ilustrador en la solapa1 aBaena, Rafaeld1956-2015tTanta sangre vistavAdaptaciones literariasvNovela gráfica172LEMBaNovela juvenil colombianaySiglo XX172LEMBaLiteratura juvenil colombianaySiglo XX172LEMBaAutores colombianosySiglo XX172LEMBaGuerra de los Mil Días, 1899-1903vNovela gráfica1 aBaena, Rafaeld1956-2015eautor1 aGaviria, Juan Pablo eilustrador